The making of colonial Lucknow, 1856-1877 / (Record no. 19925)

MARC details
000 -LEADER
fixed length control field 01100pam a2200313 a 4500
001 - CONTROL NUMBER
control field 461676
003 - CONTROL NUMBER IDENTIFIER
control field BDDh-ASL
005 - DATE AND TIME OF LATEST TRANSACTION
control field 20231015025825.0
008 - FIXED-LENGTH DATA ELEMENTS--GENERAL INFORMATION
fixed length control field 830801s1984 njub b 001 0 eng
010 ## - LIBRARY OF CONGRESS CONTROL NUMBER
LC control number 83016008
020 ## - INTERNATIONAL STANDARD BOOK NUMBER
International Standard Book Number 069106590X :
Terms of availability $32.50
040 ## - CATALOGING SOURCE
Original cataloging agency DLC
Transcribing agency DLC
Modifying agency DLC
-- BDDh-ASL
043 ## - GEOGRAPHIC AREA CODE
Geographic area code a-ii---
050 00 - LIBRARY OF CONGRESS CALL NUMBER
Classification number DS486.L9
Item number O42 1984
082 00 - DEWEY DECIMAL CLASSIFICATION NUMBER
Classification number 954.2
Edition number 19
Item number OLM
100 1# - MAIN ENTRY--PERSONAL NAME
Personal name Oldenburg, Veena Talwar.
245 14 - TITLE STATEMENT
Title The making of colonial Lucknow, 1856-1877 /
Statement of responsibility, etc. Veena Talwar Oldenburg.
260 ## - PUBLICATION, DISTRIBUTION, ETC.
Place of publication, distribution, etc. Princeton, N.J. :
Name of publisher, distributor, etc. Princeton University Press,
Date of publication, distribution, etc. c1984.
300 ## - PHYSICAL DESCRIPTION
Extent xxv, 287 p. :
Other physical details 2 maps ;
Dimensions 22 cm.
500 ## - GENERAL NOTE
General note Revision of thesis (doctoral)--University of Illinois at Urbana-Champaign.
500 ## - GENERAL NOTE
General note Includes index.
504 ## - BIBLIOGRAPHY, ETC. NOTE
Bibliography, etc. note Bibliography: p. [267]-280.
650 #0 - SUBJECT ADDED ENTRY--TOPICAL TERM
Topical term or geographic name entry element Urbanization
Geographic subdivision India
-- Lucknow.
651 #0 - SUBJECT ADDED ENTRY--GEOGRAPHIC NAME
Geographic name Lucknow (India)
General subdivision History.
740 0# - ADDED ENTRY--UNCONTROLLED RELATED/ANALYTICAL TITLE
Uncontrolled related/analytical title Colonial Lucknow, 1856-1877.
856 42 - ELECTRONIC LOCATION AND ACCESS
Materials specified Publisher description
Uniform Resource Identifier <a href="http://www.loc.gov/catdir/enhancements/fy1409/83016008-d.html">http://www.loc.gov/catdir/enhancements/fy1409/83016008-d.html</a>
906 ## - LOCAL DATA ELEMENT F, LDF (RLIN)
a 7
b cbc
c orignew
d 1
e ocip
f 19
g y-gencatlg
942 ## - ADDED ENTRY ELEMENTS (KOHA)
Source of classification or shelving scheme Dewey Decimal Classification
Koha item type Books
Holdings
Withdrawn status Lost status Source of classification or shelving scheme Damaged status Not for loan Collection code Home library Current library Shelving location Date acquired Source of acquisition Total Checkouts Full call number Barcode Date last seen Copy number Price effective from Koha item type Public note
    Dewey Decimal Classification   Not For Loan Non-fiction Asiatic Society Library Asiatic Society Library Ludden Collection 12/22/2020 Donated by Prof. David Ludden   954.2 OLM 103319 12/22/2020 C-1 12/22/2020 Books RARE

Powered by Koha